|
|
|
|
| LEADER |
01185nam a2200241 a 4500 |
| 001 |
GR-MES13513 |
| 008 |
071018s gr 000 0 gre d |
| 040 |
|
|
|a GrPaTEI
|b gre
|c GR-PaULI
|
| 040 |
|
|
|a GrPaTEI
|b gre
|c GR-PaULI
|
| 082 |
|
0 |
|a 398.209 495
|2 21
|
| 100 |
1 |
|
|a Κακριδής, Ιωάννης Θ.,
|d 1901-1992
|
| 245 |
1 |
3 |
|a Οι αρχαίοι Έλληνες στη νεοελληνική λαϊκή παράδοση /
|c Ι.Θ. Κακριδή.
|
| 250 |
|
|
|a 4η έκδ.
|
| 260 |
|
|
|a Αθήνα :
|b Μορφωτικό ίδρυμα εθνικής τραπέζης,
|c 1997
|
| 300 |
|
|
|a 107σ. :
|b εικ. ;
|c 22εκ.
|
| 504 |
|
|
|a Περιλαμβάνει βιβλιογραφία.
|
| 650 |
|
4 |
|a Λαογραφία και εθνικισμός
|z Ελλάς
|
| 650 |
|
4 |
|a Νεοελληνική παράδοση
|
| 653 |
|
|
|a Λαογραφία--Επιδράσεις
|z Ελλάς
|
| 942 |
|
|
|2 ddc
|
| 971 |
|
|
|a .b25795624
|b 16-04-20
|c 13-09-16
|
| 999 |
|
|
|c 157214
|d 157214
|
| 952 |
|
|
|0 0
|1 0
|2 ddc
|4 0
|6 398_209000000000000_435_ΚΑΚ
|7 0
|9 271961
|a MSLG
|b MSLG
|c BSC
|d 2021-01-17
|e 24
|f 0
|g 0.00
|l 0
|o 398.209 435 ΚΑΚ
|p 2420000012827
|r 2021-01-17
|t 1
|w 2021-01-17
|y BK15
|x 20071018 0 ΤΣΑΝΤΑΡΛΙΩΤΗ 1
|x GrPaTEI
|